000 00293nam a22001217a 4500
008 230704b xxu||||| |||| 00| 0 eng d
082 _a362.1
_bWHO 2004
245 _aBulletin
_bWorld Health Organization
260 _bWHO
_c2004
300 _a159p
440 _n2
_v82
_x02512432
942 _2ddc
_cBK
999 _c3793
_d3793